000 00340nam a22001457a 4500
008 230228b |||||||| |||| 00| 0 eng d
020 _a978-1-529-12416-3
082 _a791.43
100 _aWill Smith
245 _aWILL
260 _bCentury,
_c2021
300 _a418 p.
_c23.5 cm
942 _2ddc
999 _c9368
_d9369